The James Bond Novels (12 of 12): The Man with the Golden Gun - Statistics

General Stats
  • This quiz has been taken 8 times
  • The average score is 5 of 15
Answer Stats
Question Answer % Correct
Who does Bond attempt to kill near the start of the novel? M
86%
The villains plan to increase the value of which of Cuba’s crops? Sugar
86%
Which country does Bond travel to, to meet Scaramanga? Jamaica
71%
Which US criminal gang was Scaramanga an enforcer for? The {Spangled} Mob
71%
After his mission, who invites Bond to recuperate in her rented villa? Mary Goodnight
57%
In which country was the villain, Francisco Scaramanga, born? Spain
57%
What is the brand of the villain’s long-barrelled, gold-plated gun? Colt Peacemaker
29%
Who poses as an electrical engineer to bug Scaramanga’s quarters? Felix Leiter
29%
What is the brand of his small back-up weapon, hidden in his palm? Derringer
14%
Bond poses as a freelance security officer with what name? Mark Hazard
14%
Bond agrees to accept which honour at the end of the story? The Jamaican Police Medal
14%
What is the name of the station chief Bond makes contact with? Commander {Ross}
0%
What was the name of his father, who owned and operated a circus? Enrico
0%
Which member of the Purple Gang of Detroit did he kill? Ramon ‘The Rod’ Rodriguez
0%
Which fictional company is the Secret Service’s new cover? Transworld Consortium
0%
No matching quizzes found
Score Distribution
Percent of People with Each Score
Percentile by Number Answered
Your Score History
You have not taken this quiz